01163nam a2200193Ia 4500008004100000020001500041050002900056100003000085245005000115250001800165260005700183300003200240490002800272500025100300505033300551650001100884650003400895650004000929120625s2002 us r 001 0 eng d a0130619892 4aQA76.76.O63 bH386 20021 aHawkins, Scotte , autor 10aLinux b : desk reference c / Scott Hawkins  a2nd. edition  aUnited States of Americab : Prentice Hall c , 2002 axxi, 583 pages c ; 23 cm. 0 aOpen Source Technology  aOn the front page: "Completely updated with hundreds of new examples! / The only Linux reference with examples for every command / All new chapters on the Apache Web Server, tc shell and Emacs editor / Organized by task, so you can find it fast" 0 aDocumentation System structures Files Process Standard input, outpvt and error Directories Users Paths The bash shell The tc shell Terminal and keyboard Disk File systems Printers and print qveves Daemons Machine information Kernel Manipulating data and text files Displaying files Comparing and merging files  4aLINUX  4aOPERATING SYSTEMS (COMPUTER)  4aSISTEMAS OPERATIVOS (COMPUTADORAS)